BIBLIOTECA

SENCICO

Electrotecnia (Registro nro. 873)

Detalles MARC
000 -LEADER
fixed length control field 01050nam a2200337Ia 4500
005 - DATE AND TIME OF LATEST TRANSACTION
control field 20251020182451.0
008 - FIXED-LENGTH DATA ELEMENTS--GENERAL INFORMATION
fixed length control field 200515s9999 xx 000 0 und d
020 ## - INTERNATIONAL STANDARD BOOK NUMBER
International Standard Book Number 978-84-86108-96-0
082 ## - DEWEY DECIMAL CLASSIFICATION NUMBER
Classification number 621.30.02/N28
100 ## - MAIN ENTRY--PERSONAL NAME
Personal name Navarro, José Antonio
245 #0 - TITLE STATEMENT
Title Electrotecnia
250 ## - EDITION STATEMENT
Edition statement 1a ed.
260 ## - PUBLICATION, DISTRIBUTION, ETC.
Place of publication, distribution, etc. Lima
260 ## - PUBLICATION, DISTRIBUTION, ETC.
Name of publisher, distributor, etc. Cano Pina ; Ceysa
260 ## - PUBLICATION, DISTRIBUTION, ETC.
Date of publication, distribution, etc. 2007
300 ## - PHYSICAL DESCRIPTION
Extent 281 p.
300 ## - PHYSICAL DESCRIPTION
Other physical details il., tbl., graf.
500 ## - GENERAL NOTE
General note 1 ejemplar
520 ## - SUMMARY, ETC.
Summary, etc. Expone el programa del primer año de formación profesional en la especialidad de electrotecnia para obtener unos conocimientos teóricos básicos de la materia y para poder trabajar en la práctica correctamente.
650 ## - SUBJECT ADDED ENTRY--TOPICAL TERM
Topical term or geographic name entry element CIRCUITOS DE CORRIENTE CONTINUA
650 ## - SUBJECT ADDED ENTRY--TOPICAL TERM
Topical term or geographic name entry element CIRCUITOS RLC
650 ## - SUBJECT ADDED ENTRY--TOPICAL TERM
Topical term or geographic name entry element CORRIENTES ALTERNAS
650 ## - SUBJECT ADDED ENTRY--TOPICAL TERM
Topical term or geographic name entry element ELECTROTECNIA
650 ## - SUBJECT ADDED ENTRY--TOPICAL TERM
Topical term or geographic name entry element ELEMENTOS LINEALES
650 ## - SUBJECT ADDED ENTRY--TOPICAL TERM
Topical term or geographic name entry element FENOMENOS ELECTRICOS
650 ## - SUBJECT ADDED ENTRY--TOPICAL TERM
Topical term or geographic name entry element FENOMENOS ELECTROMAGNETICOS
650 ## - SUBJECT ADDED ENTRY--TOPICAL TERM
Topical term or geographic name entry element ONDAS SENOIDALES
650 ## - SUBJECT ADDED ENTRY--TOPICAL TERM
Topical term or geographic name entry element SISTEMAS TRIFASICOS
942 ## - ADDED ENTRY ELEMENTS (KOHA)
Koha item type Libros
Existencias
Fecha de la última vez que lo usaron Pago total Signatura topográfica completa Código de barras Precio efectivo desde Tipo de documento Estado perdido Estado dañado No es para préstamo Retirado Ubicación permanente Ubicación actual Fecha de adquisición
15/05/2020   621.30.02/N28 Bib-Lima15050873 15/05/2020 Libros         Biblioteca Central Lima Biblioteca Central Lima 15/05/2020